01379nab a22002777a 4500003000400000005001700004008004100021040000700062100003700069245013300106260007300239300001500312500003600327505032100363505008200684650001800766650002500784650002200809650001800831650003000849651001100879651001300890651001300903700003600916773014900952OSt20251218100738.0190429b xxu||||| |||| 00| 0 spa d cPJ aRuiz Gordillo, Franklin Martín13aLa investigación financiera en la detección del lavado de dinero / cFranklin Martín Ruiz Gordillo, Alan García Huitron. cCiudad Autónoma de Buenos Aires :aThomson Reuters La Ley, b2025. ap. 199-223 aCita: TR LALEY AR/DOC/405/2025. aSumario: I. Introducción.— II. Consecuencias dogmáticas del consentimiento del titular del bien jurídico penal.— III. Consentimiento informado.— IV. Bioética y ampliación de las posibilidades de consentimiento del titular del bien jurídico.— V. Conclusiones.— VI. Referencias bibliográficas.  tSi te interesa el texto completo, solicitalo a koha@justierradelfuego.gov.ar  0aDERECHO PENAL 0aDELITOS ECONÓMICOS 0aLAVADO DE ACTIVOS 0aENCUBRIMIENTO 0aBIEN JURÍDICO PROTEGIDO 0aBRASIL 0aPORTUGAL 0aESPAÑA aGarcía Huitron, Alanecoautor0 02658tRevista de derecho penal y criminología. Nº 3 - Abril 2025dCiudad Autónoma de Buenos Aires : Thomson Reuters La Ley, 2017-x00347914